| 000 | 00773nam a2200217 a 4500 | ||
|---|---|---|---|
| 001 | 1237 | ||
| 003 | CDMR | ||
| 005 | 20131111135931.0 | ||
| 008 | 130130s1988||||||||||||||||||||||||||||d | ||
| 020 | _a9802440221 | ||
| 040 |
_aCDMR _bcat _cCDMR |
||
| 100 | 1 |
_aGimenez, Lulú _9961 |
|
| 245 | 1 | 0 |
_aEstructura de los medios de difusión en Venezuela _cLulú Giménez Saldivia, Angela Hernández Algara |
| 260 |
_aCaracas _c1988 _bUniversidad Católica Andrés Bello |
||
| 300 |
_a225 p. _bgràf. |
||
| 650 | 0 | 4 |
_93790 _aMitjans de comunicació de massa _zVeneçuela |
| 650 | 0 | 4 |
_9921 _aMitjans de comunicació de massa _xAspectes sociològics |
| 650 | 0 | 4 |
_93178 _aMitjans de comunicació de massa _xAspectes econòmics |
| 700 | 1 |
_94326 _aHernández Algara, Angela |
|
| 942 |
_cMON _2udc |
||
| 999 |
_c1237 _d1237 |
||